| 000 | 00442nam a2200169Ia 4500 | ||
|---|---|---|---|
| 008 | 151213s9999 xx 000 0 und d | ||
| 020 | _a978-81-317-1103-2 | ||
| 082 |
_a822.33 _b822.33 |
||
| 100 | _aWilliam Shakespeare | ||
| 245 |
_aMacbeth _cWilliam Shakespeare |
||
| 260 |
_aDelhi _bPearson _c2009 |
||
| 300 | _a11853 p. | ||
| 650 | _aEnglish Literature | ||
| 650 | _aEnglish Literature | ||
| 700 | _aWilliam Shakespeare | ||
| 999 |
_c5060 _d5060 |
||